| 000 -LEADER |
| fixed length control field |
01295nam a2200229Ia 4500 |
| 001 - CONTROL NUMBER |
| control field |
11195 |
| 003 - CONTROL NUMBER IDENTIFIER |
| control field |
GE_BSU |
| 008 - FIXED-LENGTH DATA ELEMENTS--GENERAL INFORMATION |
| fixed length control field |
181216s||||||||xx |||||||||||||| ||und|| |
| 040 ## - CATALOGING SOURCE |
| Transcribing agency |
GE_BSU |
| 080 ## - UNIVERSAL DECIMAL CLASSIFICATION NUMBER |
| Universal Decimal Classification number |
634.8 |
| 100 ## - MAIN ENTRY--PERSONAL NAME |
| Personal name |
ზაქარია ყანჩაველი, რუსუდან კეშელავა, ჯენარო ჩხეიძე და სხვ. ავტ. კოლექტივი: გივი მოსაშვილი, თინათინ ეპიტაშვილი, ხათუნა ბეჟიტაშვილი |
| 245 ## - TITLE STATEMENT |
| Title |
ვაზის დაცვა მავნე ორგანიზმებისაგან |
| 245 ## - TITLE STATEMENT |
| Remainder of title |
საქართველოს სოფლის მეურნეობის მეცნიერებათა აკადემია ლ. ყანჩაველის მცენარეთა დაცვის ინსტიტუტი |
| 245 ## - TITLE STATEMENT |
| Statement of responsibility, etc. |
რედ: გურამ ალექსიძე |
| 260 ## - PUBLICATION, DISTRIBUTION, ETC. |
| Place of publication, distribution, etc. |
თბილისი. |
| 260 ## - PUBLICATION, DISTRIBUTION, ETC. |
| Name of publisher, distributor, etc. |
ლეგა |
| 260 ## - PUBLICATION, DISTRIBUTION, ETC. |
| Date of publication, distribution, etc. |
2009 |
| 300 ## - PHYSICAL DESCRIPTION |
| Extent |
115გვ.21სმ. |
| 300 ## - PHYSICAL DESCRIPTION |
| Accompanying material |
ილ.ცხრ. |
| 653 ## - INDEX TERM--UNCONTROLLED |
| Uncontrolled term |
ვაზის დაცვა მავნე ორგანიზმებისაგან |
| 942 ## - ADDED ENTRY ELEMENTS (KOHA) |
| Koha item type |
წიგნი |